000 00932nam a22003017a 4500
001 5802
003 FISKH
005 20250703084324.0
008 250123b cb ||||| |||| 00| 0 eng d
020 _a9780590463782
040 _aFISKH
_beng
_cFISKH
_dFISKH
050 _aQC944.H58
082 _a551.552
100 _aHopping, Jean Lorraine
_d(1960-)
245 _aHurricanes! /
_cby Lorraine Jean Hopping ; Illustrated by Jody Wheeler
250 _aFirst printing in 1995
260 _aNew York :
_bScholastic,
_c1995.
300 _a47 pages :
_bcolor illustrations ;
_c23 cm
505 _aP
520 _aDiscusses where hurricanes come from, what types there are, and what can be done during one.
521 8 _a640
_bLexile
521 8 _aP
_bRaz-Plus
650 _2Hurricanes
_aScience
650 _2Natural disasters
_aWeather
700 _aWheeler, Jody
_dillustrator
942 _2ddc
_cBK
_n0
999 _c5802
_d5802